000 01301nam a2200253Ia 4500
003 Ost
005 20260416102355.0
008 260416s9999||||xx |||||||||||||| ||und||
040 _cfsecg
041 _aara
082 _a332
100 _aخالفي، وهيبة
_eمؤلف
245 0 _aالإقتصاد النقدي وسوق رؤوس الأموال /
_c وهيبة خالفي
260 _aالجزائر
_bجامعة الجزائر3: كلية العلوم الإقتصادية، العلوم التجارية وعلوم التسيير
_c2019
300 _a79 ورقة
_bايضاحات
_c30 سم
504 _aمراجع ص.78
520 _aماهية النقود وتطورها التاريخي، النظريات النقدية وتطورها، السياسة الاقتصادية، البنوك التجارية، ماهية الأسواق المالية، السوق النقدي، سوق رؤوس الأموال، سوق الأوراق المالية
653 _aالاقتصاد المالي
653 _aالأموال
653 _aالأوراق المالية
653 _aالبورصات
710 _aجامعة الجزائر3: كلية العلوم الإقتصادية، العلوم التجارية وعلوم التسيير
_eناشر علمي
942 _cHANDOUT
999 _c41162
_d41162